000 00853nam a22002657a 4500
003 OSt
005 20210708131919.0
008 210322b 2020 dr p00| 0 eng d
020 _a9789945503913
040 _aDO-SdBNP
_bspa
_cBNPHU
082 4 _aRD861.5
_bV145y
_222
100 1 _aValdez, Marquelis,
_d1989-
_978221
245 1 0 _aYo, Mossabet /
_cMarquelis Valdez.
260 _aSanto Domingo :
_bEdiciones Ferilibro,
_c2020.
300 _a71 p. ;
_c21 cm.
490 _aPoesía
500 _aIncluye datos biográficos de la autora en la solapa de la cubierta.
500 _a16ª Feria Regional del Libro Bahoruco 2020
590 _aInventariado, 2021 /LP
650 4 _aPoesía dominicana
_979078
650 4 _aLiteratura dominicana
_979079
830 _aPoesía
_91183
910 _aLopérez/Validado. Control de calidad MFF
942 _2ddc
_cLBS1
999 _c49651
_d49651